| 000 | 00382nam a2200169Ia 4500 | ||
|---|---|---|---|
| 008 | 170705s9999 xx 000 0 und d | ||
| 020 | _a9780590020435 | ||
| 245 | _aCurious George / | ||
| 245 | _cH. A. Rey. | ||
| 260 | _aNew York : | ||
| 260 | _bScholastic, | ||
| 260 | _c1941 | ||
| 300 | _a46 pages : | ||
| 300 | _bcolor illustration ; | ||
| 300 | _c23cm. | ||
| 500 | _a590 | ||
| 999 |
_c335892 _d335892 |
||